000
00264nam a2200109Ia 4500
005
20251222143207.0
008
251222s9999||||xx |||||||||||||| ||spa||
082
_a
382.029.4/G83
245
0
_a
Grupo Andino: Guía para hacer Negocios:
264
_b
CMI
942
_c
LIB
999
_c
13305
_d
13305